| 000 | 00763nam a2200253Ia 4500 | ||
|---|---|---|---|
| 003 | OSt | ||
| 005 | 20220924120943.0 | ||
| 006 | a|||||r|||| 00| 0 | ||
| 007 | ta | ||
| 008 | 220923b |||||||| |||| 00| 0 urd d | ||
| 020 | _a8187231815 (hbk) | ||
| 020 | _c200.00 | ||
| 024 | _a283516 | ||
| 037 |
_b2553, 24/01/2008, Kitabi Duniya _cTextual |
||
| 040 |
_aARTS _cARTS _burd |
||
| 041 |
_2urd _aurd |
||
| 082 | _aO168,1N32w, P7 | ||
| 100 |
_aKhusunuda Nilofer _9183759 |
||
| 245 | 0 |
_aQamar Raees _b Ilmi aur adbi shanakht |
|
| 260 |
_aDelhi _bTakhleeqkar Publication India _c2007 |
||
| 650 | _aURDU POETRY | ||
| 942 |
_hO168,1N32w, P7 _cTEXL _2CC |
||
| 999 |
_c405145 _d405145 |
||